[Event "1.CLZ 14/15,Unichess B-Bohemians"]
[Site "?"]
[Date "2014.10.19"]
[Round "1.1"]
[White "Svatos, Jan"]
[Black "Jirka, Jiri"]
[Result "1-0"]
[WhiteElo "2225"]
[BlackElo "2429"]
[PlyCount "95"]
[EventDate "2014.??.??"]

1. d4 d5 2. c4 c6 3. Nf3 Nf6 4. Nc3 a6 5. Bf4 dxc4 6. a4 Nd5 7. Bg3 Nxc3 8.
bxc3 b5 9. e4 Nd7 10. Be2 e6 11. Ne5 Nxe5 12. Bxe5 f6 13. Bg3 Be7 14. O-O O-O
15. Ra2 Bd7 16. f4 c5 17. d5 Qb6 18. d6 Bd8 19. axb5 Bxb5 20. f5 Qb7 21. fxe6
Re8 22. e7 Bb6 23. Qd5+ Qxd5 24. exd5 Kf7 25. Bg4 Reb8 26. Re2 Rb7 27. Be6+ Ke8
28. Bg8 Ba5 29. Bxh7 Kf7 30. Bf5 Bxc3 31. Be6+ Ke8 32. Bf5 Kf7 33. Be6+ Ke8 34.
Bf2 a5 35. Bxc5 Bb4 36. Bxb4 axb4 37. Re4 Ra6 38. Bc8 Rba7 39. Bxa6 Rxa6 40.
Rh4 Rxd6 41. Re1 b3 42. Rh8+ Kf7 43. Rf8+ Kg6 44. Rd8 Rb6 45. d6 b2 46. d7 Bxd7
47. Rxd7 Re6 48. Rdd1 1-0

[Event "1.CLZ 14/15,Unichess B-Bohemians"]
[Site "?"]
[Date "2014.10.19"]
[Round "1.2"]
[White "Sodoma, Jan"]
[Black "Bartos, Jan"]
[Result "1-0"]
[WhiteElo "2330"]
[BlackElo "2221"]
[PlyCount "63"]
[EventDate "2014.??.??"]

1. d4 d5 2. Nf3 Nf6 3. c4 c6 4. e3 e6 5. Nbd2 Nbd7 6. Bd3 Bd6 7. O-O O-O 8. e4
e5 9. cxd5 cxd5 10. Re1 h6 11. b3 Re8 12. exd5 exd4 13. Rxe8+ Qxe8 14. Nc4 Bc5
15. Bb2 Nxd5 16. Nxd4 Ne5 17. Qe2 f6 18. Qe4 Nf4 19. Qh7+ Kf7 20. Nxe5+ fxe5
21. Bc4+ Kf6 22. Re1 Qg6 23. Qxg6+ Nxg6 24. Nb5 a6 25. Nc7 Ra7 26. Ne8+ Kg5 27.
Bc1+ Kg4 28. Nxg7 b5 29. Be2+ Kh4 30. g3+ Kh3 31. Bf1+ Kg4 32. h3+ 1-0

[Event "1.CLZ 14/15,Unichess B-Bohemians"]
[Site "?"]
[Date "2014.10.19"]
[Round "1.3"]
[White "Kozak, Milos"]
[Black "Trickov, Vasil"]
[Result "0-1"]
[WhiteElo "2145"]
[BlackElo "2338"]
[PlyCount "44"]
[EventDate "2014.??.??"]

1. d4 d5 2. c4 c6 3. Nf3 Nf6 4. e3 Bf5 5. Nc3 e6 6. Nh4 Bg6 7. Be2 Nbd7 8. O-O
Bd6 9. h3 Rc8 10. Bd2 Ne4 11. Nxg6 hxg6 12. Nxe4 dxe4 13. f4 exf3 14. Bxf3 Bb8
15. Qb3 Qc7 16. Rfd1 Rd8 17. Be1 g5 18. Bf2 Nf6 19. e4 g4 20. e5 gxf3 21. exf6
Qh2+ 22. Kf1 Qh1+ 0-1

[Event "1.CLZ 14/15,Unichess B-Bohemians"]
[Site "?"]
[Date "2014.10.19"]
[Round "1.4"]
[White "Znamenacek, Kvetoslav"]
[Black "Formanek, Martin"]
[Result "0-1"]
[WhiteElo "2289"]
[BlackElo "2216"]
[PlyCount "74"]
[EventDate "2014.??.??"]

1. d4 Nf6 2. Nf3 g6 3. g3 Bg7 4. Bg2 O-O 5. O-O d6 6. c4 Nc6 7. Nc3 a6 8. h3 e5
9. Bg5 h6 10. Be3 Re8 11. d5 Ne7 12. Qd2 Nf5 13. c5 e4 14. Ne1 dxc5 15. Bxc5 b6
16. Ba3 e3 17. Qd3 exf2+ 18. Rxf2 Ne3 19. Nc2 Nxg2 20. Kxg2 Bf5 21. Rxf5 gxf5
22. Rf1 Ne4 23. Rxf5 Qd7 24. g4 Nxc3 25. bxc3 Re5 26. Rxe5 Bxe5 27. Bc1 c6 28.
e4 cxd5 29. exd5 Rc8 30. c4 b5 31. Bxh6 Rxc4 32. Ne3 Rd4 33. Qc2 Qc7 34. Qf5
Bf4 35. Qh5 Qd6 36. Bxf4 Qxf4 37. Nf1 Rd1 0-1

[Event "1.CLZ 14/15,Unichess B-Bohemians"]
[Site "?"]
[Date "2014.10.19"]
[Round "1.5"]
[White "Dvorak, Jan"]
[Black "Cesal, Jaroslav"]
[Result "0-1"]
[WhiteElo "2197"]
[BlackElo "2260"]
[PlyCount "42"]
[EventDate "2014.??.??"]

1. d4 d5 2. Nf3 Nf6 3. c4 e6 4. cxd5 exd5 5. Nc3 c6 6. Bg5 Be7 7. Qc2 Bg4 8.
Ne5 Bh5 9. e3 Nbd7 10. Bd3 Nxe5 11. dxe5 Ng4 12. Bf4 d4 13. h3 Nxf2 14. Kxf2
dxc3 15. bxc3 Bh4+ 16. Kf1 Qd5 17. Be4 Qc5 18. e6 fxe6 19. g4 O-O 20. gxh5 Qxe3
21. Kg2 Rxf4 0-1

[Event "1.CLZ 14/15,Unichess B-Bohemians"]
[Site "?"]
[Date "2014.10.19"]
[Round "1.6"]
[White "Smid, Miroslav"]
[Black "Jascenko, Olga"]
[Result "1-0"]
[WhiteElo "2235"]
[BlackElo "2169"]
[PlyCount "135"]
[EventDate "2014.??.??"]

1. e4 c5 2. Nf3 e6 3. g3 Nc6 4. Bg2 Nf6 5. d3 d5 6. Qe2 Be7 7. O-O O-O 8. c3 b6
9. Re1 Bb7 10. e5 Ne8 11. h4 Nc7 12. Bg5 Ba6 13. Nbd2 Qd7 14. Bh3 Rae8 15. Nf1
Bd8 16. N1h2 b5 17. Ng4 Kh8 18. a3 f6 19. exf6 gxf6 20. Bh6 Rg8 21. d4 b4 22.
Qe3 bxc3 23. bxc3 Na5 24. Qf4 Rg6 25. h5 Rxh6 26. Qxh6 Qf7 27. dxc5 Nb3 28.
Rab1 Bc4 29. Nd4 Nxc5 30. Nc6 Ne4 31. Rb8 Be7 32. Rxe8+ Nxe8 33. Nxe7 Qxe7 34.
Ne3 N8d6 35. Nxc4 Nxc4 36. Rb1 Nb6 37. Qe3 Ng5 38. Bg2 Qxa3 39. f4 Ne4 40. Bxe4
dxe4 41. Qd4 Kg7 42. h6+ Kg6 43. Re1 Nd5 44. Qxe4+ Kxh6 45. Qxe6 Qxc3 46. Qh3+
Kg6 47. Qg4+ Kf7 48. Re2 Qd4+ 49. Kh2 Ne3 50. Qh5+ Kg7 51. Qf3 Nd5 52. Qg4+ Kh6
53. Qc8 Qd1 54. Qf8+ Kg6 55. Qe8+ Kh6 56. Qf8+ Kg6 57. Qg8+ Kh6 58. Qg4 Ne3 59.
Qf3 Nf1+ 60. Kg2 Nd2 61. Qf2 Nc4 62. Kh2 Qd5 63. g4 Qd6 64. Kh3 Kg6 65. Kh4 a5
66. Re6 Qc7 67. Qc2+ Kg7 68. Re4 1-0

[Event "1.CLZ 14/15,Unichess B-Bohemians"]
[Site "?"]
[Date "2014.10.19"]
[Round "1.7"]
[White "Novacek, Jan"]
[Black "Taborsky, Rostislav"]
[Result "1-0"]
[WhiteElo "2137"]
[BlackElo "2238"]
[PlyCount "75"]
[EventDate "2014.??.??"]

1. d4 Nf6 2. Bg5 d5 3. Bxf6 exf6 4. e3 Bd6 5. Bd3 f5 6. Qf3 g6 7. Nd2 Be6 8.
Ne2 Nd7 9. Nf4 Nf6 10. Nxe6 fxe6 11. Qe2 e5 12. dxe5 Bxe5 13. c3 c6 14. Nf3 Bc7
15. a4 Qd6 16. g3 O-O 17. O-O Rfe8 18. Qc2 Rad8 19. Rfd1 Kg7 20. b4 Ng4 21. c4
Qf6 22. c5 Ne5 23. Be2 Nxf3+ 24. Bxf3 Be5 25. Rab1 d4 26. exd4 Bxd4 27. Qc4 h5
28. b5 f4 29. bxc6 bxc6 30. Rb7+ Kh6 31. Kg2 fxg3 32. Qc1+ g5 33. Qc2 Re7 34.
Rxe7 Qxe7 35. hxg3 Qf6 36. Bxh5 Rf8 37. Rxd4 Kxh5 38. Qh7+ 1-0

[Event "1.CLZ 14/15,Unichess B-Bohemians"]
[Site "?"]
[Date "2014.10.19"]
[Round "1.8"]
[White "Folk, Petr"]
[Black "Bretsnajdr, Vladimir"]
[Result "1/2-1/2"]
[WhiteElo "2154"]
[BlackElo "2288"]
[PlyCount "46"]
[EventDate "2014.??.??"]

1. e4 c5 2. Nf3 e6 3. Nc3 a6 4. d4 cxd4 5. Nxd4 b5 6. Bd3 Bb7 7. O-O Qc7 8. Qe2
d6 9. Kh1 Nf6 10. f4 Nbd7 11. Bd2 g6 12. f5 gxf5 13. exf5 e5 14. Ne6 Qc6 15.
Nxb5 axb5 16. Bxb5 Qe4 17. Nc7+ Kd8 18. Nxa8 Bxa8 19. Ba5+ Ke8 20. Rae1 Rg8 21.
Qxe4 Bxe4 22. Re2 h5 23. Be1 Be7 1/2-1/2